History Quiz

Random History or State Quiz

Lewis & Clark States Quiz Stats

 Plays Quiz Updated Aug 18, 2016

Score 0/11 Timer 01:30
0 Plays Today
Future State % Correct
Oregon
90.2%
Montana
89.5%
South Dakota
89.2%
Washington
88.5%
Idaho
87.9%
North Dakota
86.8%
Missouri
85.1%
Nebraska
83.6%
Kansas
80.8%
Iowa
79%
Illinois
66.7%

You're not logged in!

Compare scores with friends on all Sporcle quizzes.
OR
Log In

Show Comments

Extras

Top Quizzes Today


Score Distribution

Your Account Isn't Verified!

In order to create a playlist on Sporcle, you need to verify the email address you used during registration. Go to your Sporcle Settings to finish the process.

Report this User

Report this user for behavior that violates our Community Guidelines.

Details: